Statistics for 浙江省地图 Zhejiang Map Quiz

Click here to take the quiz!

General Stats

  • This quiz has been taken 2 160 times
  • The average score is 10 of 11

Answers on the Map

Answers color-coded by a green-red scale on the quiz's map according to % correct below.
 

Answer Stats

区划% Correct
杭州市
100%
宁波市
96%
温州市
95%
舟山市
94%
嘉兴市
89%
绍兴市
89%
金华市
89%
湖州市
86%
台州市
86%
丽水市
83%
衢州市
82%

Score Distribution

Percentile by Number Answered

Percent of People with Each Score

Your Score History

You have not taken this quiz